| 000 | 01011nam2a2200253 4500 | ||
|---|---|---|---|
| 001 | RU\NLR\BIBL_A\022475539 | ||
| 005 | 20250810080636.0 | ||
| 035 | _a(NLR Aleph) 022475539 | ||
| 090 |
_a13371952 _c13371952 |
||
| 100 | _a20250228d1941 u y0rusy50 ca | ||
| 101 | 0 | _aaze | |
| 102 | _aAZ | ||
| 105 | _ay z 000 y | ||
| 181 | 0 |
_ai _baxxe |
|
| 182 | 0 | _an | |
| 200 | 0 |
_aI һис. _fС. М. Киров ад. АДУ. |
|
| 203 |
_aТекст _bвизуальный _cнепосредственный |
||
| 215 | _a212,[2] с. | ||
| 461 | 0 |
_1001RU\NLR\BIBL_A\022475521 _12001#$aПедагогика$eали педагожи мәктәбләр үчүн әл jазысы һүгугунда$fМ. Меһдизадә, С.Хәлилов , Д. Мустафаjева$gред. С. Хәлилов, доц., Ә. Сеидов, доц.$vI һис. _1700#1$aМеһдизадә$bМ.$4070 |
|
| 942 | _cBOOK | ||
| 945 | _aРоссийская национальная библиотека | ||
| 980 | _aBV | ||
| 980 | _aNB | ||